[Event "12sen.WM-H Naumburg"]
[Site "Naumburg/Saale(20.10.-03.11.)"]
[Date "2002.11.01"]
[Round "10"]
[White "Masich, Vladimir"]
[Black "Krueger, Erich"]
[Result "0-1"]
[WhiteElo "2084"]
[BlackElo "2223"]
[PlyCount "84"]
[EventDate "2002.11.??"]

1. c4 Nf6 2. Nc3 g6 3. e4 d6 4. d4 Bg7 5. Nf3 O-O 6. Be2 e5 7. dxe5 dxe5 8.
Qxd8 Rxd8 9. Bg5 c6 10. Nxe5 Re8 11. O-O-O Na6 12. f4 Nc5 13. Bf3 h6 14. Bh4 g5
15. Bf2 Ne6 16. Nd3 Nxf4 17. Nxf4 gxf4 18. Kc2 Be6 19. b3 Ng4 20. Bg1 f5 21. h3
Ne3+ 22. Bxe3 fxe3 23. Ne2 fxe4 24. Bxe4 Bxc4 25. bxc4 Rxe4 26. Rd7 Rxc4+ 27.
Kb3 b5 28. Rc1 Rxc1 29. Nxc1 a5 30. Rc7 a4+ 31. Kc2 Rd8 32. Nd3 Rd6 33. Re7 Bd4
34. a3 Rf6 35. Re4 c5 36. h4 Rf1 37. g4 Rg1 38. h5 Rg2+ 39. Kc1 Ra2 40. Nf4
Rxa3 41. Ng6 Ra1+ 42. Kc2 e2 0-1

[Event "12sen.WM-H Naumburg"]
[Site "Naumburg/Saale(20.10.-03.11.)"]
[Date "2002.11.01"]
[Round "10"]
[White "Mayers, Dan_E"]
[Black "Dahlhaus, Friedhelm"]
[Result "1/2-1/2"]
[WhiteElo "2079"]
[BlackElo "2233"]
[PlyCount "110"]
[EventDate "2002.11.??"]

1. e4 e5 2. f4 exf4 3. Bc4 Nf6 4. Nc3 c6 5. d4 d5 6. exd5 cxd5 7. Bb5+ Nc6 8.
Nf3 Bd6 9. Ne5 O-O 10. Bxf4 Bxe5 11. Bxe5 Nxe5 12. dxe5 Ng4 13. Qd4 Be6 14. O-O
Qb6 15. Qxb6 axb6 16. Rfe1 d4 17. Ne4 Rfc8 18. Re2 Nxe5 19. Ng5 Rc5 20. Nxe6
fxe6 21. Bd3 Nxd3 22. cxd3 Kf7 23. a3 e5 24. Rf1+ Ke6 25. Rf4 Rd8 26. Rh4 h6
27. Rg4 g5 28. h4 Kf5 29. Rge4 Rdd5 30. Rf2+ Ke6 31. hxg5 hxg5 32. Rg4 Rc1+ 33.
Kh2 Rd1 34. Rg3 Rd7 35. Kh3 Rf7 36. Re2 Rf4 37. Rxg5 Rxd3+ 38. g3 Rf5 39. Rg6+
Kd5 40. Rxb6 Rg5 41. Rb5+ Kd6 42. Rg2 Rg7 43. a4 e4 44. Rb6+ Kc7 45. Re6 e3 46.
Rc2+ Kb8 47. a5 Rd7 48. Re8+ Ka7 49. Rcc8 Ka6 50. Rc5 b6 51. Rce5 Rc7 52. R5e6
Rb7 53. axb6 Rxb6 54. Re4 Rh6+ 55. Kg4 Rg6+ 1/2-1/2

[Event "12sen.WM-H Naumburg"]
[Site "Naumburg/Saale(20.10.-03.11.)"]
[Date "2002.11.01"]
[Round "10"]
[White "Meiling, Hermann"]
[Black "Schneiderheinze, Roland"]
[Result "1-0"]
[WhiteElo "2028"]
[BlackElo "1754"]
[PlyCount "141"]
[EventDate "2002.11.??"]

1. d4 e6 2. c4 Nf6 3. Nc3 d5 4. Bg5 Be7 5. e3 c6 6. Nf3 Nbd7 7. Qc2 O-O 8. Rd1
Re8 9. h3 h6 10. Bf4 dxc4 11. Bxc4 Nb6 12. Be2 Nbd5 13. Bh2 Qa5 14. O-O Bb4 15.
Nxd5 exd5 16. a3 Bf8 17. Be5 Qd8 18. Bd3 Bd6 19. b4 a6 20. Rb1 Bxe5 21. Nxe5
Be6 22. a4 Nd7 23. Nf3 Qf6 24. Qe2 Bf5 25. a5 g5 26. Bxf5 Qxf5 27. Nd2 Nf6 28.
Qf3 Qxf3 29. gxf3 Re6 30. Nb3 Nd7 31. Nc5 Nxc5 32. bxc5 Re7 33. Kh2 Kh7 34. Rg1
Rg8 35. h4 f6 36. Kh3 f5 37. hxg5 hxg5 38. Rbe1 Kg6 39. Kg3 Rh8 40. Kg2 Rhe8
41. Rb1 Rf8 42. Rh1 Rff7 43. Rh3 Rh7 44. Rxh7 Rxh7 45. Rh1 Re7 46. Rb1 Kf6 47.
Kg3 Rh7 48. f4 g4 49. Kg2 Re7 50. Rh1 Kg6 51. Rh8 Kg7 52. Rd8 Kf6 53. Rf8+ Kg6
54. Rb8 Kf6 55. Rh8 Kg7 56. Rh5 Kg6 57. Rg5+ Kf6 58. Rg8 Kf7 59. Rd8 Kf6 60.
Rd6+ Re6 61. Rd8 Re7 62. Rb8 Kg6 63. Kg3 Rh7 64. Rd8 Rf7 65. Rd6+ Rf6 66. Kh4
Kg7 67. Kg5 Rf7 68. Rg6+ Kf8 69. Rf6 Ke7 70. Rxf7+ Kxf7 71. Kxf5 1-0

[Event "12sen.WM-H Naumburg"]
[Site "Naumburg/Saale(20.10.-03.11.)"]
[Date "2002.11.01"]
[Round "10"]
[White "Melzig, Ernst"]
[Black "Weigel, Helmut"]
[Result "1/2-1/2"]
[WhiteElo "1405"]
[BlackElo "1581"]
[PlyCount "112"]
[EventDate "2002.11.??"]

1. e4 Nf6 2. Nc3 d5 3. exd5 Nxd5 4. Nxd5 Qxd5 5. c4 Qe5+ 6. Qe2 Qxe2+ 7. Bxe2
g6 8. Nf3 Bg7 9. d4 c6 10. h3 Nd7 11. O-O O-O 12. Be3 e6 13. Rad1 b6 14. b4 Bb7
15. c5 b5 16. Bc1 Nf6 17. Bb2 Nd5 18. a3 Nf4 19. Rfe1 Nxe2+ 20. Rxe2 Rfd8 21.
Rdd2 Rd5 22. Ne5 f6 23. Nd3 Bh6 24. f4 Kf7 25. g3 Rad8 26. Rd1 g5 27. fxg5 Bxg5
28. Rf1 Ke7 29. h4 Bh6 30. Nf4 Bxf4 31. Rxf4 Rg8 32. Kg2 h5 33. Rfe4 Bc8 34.
Rf2 Rg6 35. Ref4 f5 36. Re2 Kf7 37. Re5 Rd8 38. Bc1 Rdg8 39. Re3 Bd7 40. Bd2
Rg4 41. Rxg4 Rxg4 42. Rd3 Re4 43. Kf3 Rg4 44. Bf4 Rg8 45. Rd2 Ra8 46. Rd3 a5
47. bxa5 Rxa5 48. Be5 Ra4 49. Kf4 Kg6 50. Rb3 Rc4 51. Re3 Rc1 52. Rd3 Rc4 53.
Bc7 Rc1 54. Ke5 Kf7 55. Kf4 Kg6 56. Ke5 Kf7 1/2-1/2

[Event "12sen.WM-H Naumburg"]
[Site "Naumburg/Saale(20.10.-03.11.)"]
[Date "2002.11.01"]
[Round "10"]
[White "Mietner, Franz"]
[Black "Bierbach, Utz_Friedrich"]
[Result "1/2-1/2"]
[WhiteElo "1742"]
[BlackElo "2043"]
[PlyCount "57"]
[EventDate "2002.11.??"]

1. e4 d5 2. exd5 Nf6 3. d4 Nxd5 4. Bc4 c6 5. Ne2 Nd7 6. Nf4 N7b6 7. Bb3 e6 8.
O-O Bd6 9. Qg4 Qf6 10. Nh5 Qg6 11. Qe2 Nf6 12. Bf4 Bxf4 13. Nxf4 Qf5 14. Qe5
Qxe5 15. dxe5 Nfd5 16. Nd3 Nd7 17. c4 Ne7 18. Nc3 O-O 19. Ne4 f6 20. f4 fxe5
21. fxe5 b6 22. Ng5 Rxf1+ 23. Rxf1 Nf8 24. Nf4 h5 25. Ne4 c5 26. Rd1 Bb7 27.
Nd6 Bc6 28. Bc2 g6 29. Be4 1/2-1/2

[Event "12sen.WM-H Naumburg"]
[Site "Naumburg/Saale(20.10.-03.11.)"]
[Date "2002.11.01"]
[Round "10"]
[White "Mosionzhik, Ilja"]
[Black "Waisberg, Arnold"]
[Result "1-0"]
[WhiteElo "2253"]
[BlackElo "2063"]
[PlyCount "111"]
[EventDate "2002.11.??"]

1. e4 e5 2. Nf3 Nc6 3. Bb5 Bc5 4. Bxc6 dxc6 5. d3 Qf6 6. Be3 Bxe3 7. fxe3 c5 8.
O-O Qe7 9. Qe1 Bd7 10. Nc3 Bc6 11. Qg3 f6 12. Nd5 Bxd5 13. exd5 O-O-O 14. e4
Nh6 15. c4 Nf7 16. Nh4 Nd6 17. Nf5 Nxf5 18. Rxf5 Kb8 19. Raf1 Rdf8 20. b3 Rf7
21. R5f2 g6 22. h3 Rhf8 23. Qg4 Re8 24. h4 a6 25. Rf3 Ka7 26. Qg3 Ref8 27. Qf2
Ka8 28. g3 f5 29. exf5 gxf5 30. Qe1 Qd6 31. Kh2 Rf6 32. Re3 f4 33. gxf4 exf4
34. Re6 Qd7 35. Qe4 Qg7 36. Rf3 Qh6 37. Kh3 Ka7 38. Qe5 R8f7 39. Rxf6 Rxf6 40.
Qxc7 Qg6 41. Qxc5+ Kb8 42. d6 Rxd6 43. Qg5 Qe6+ 44. Qg4 Kc7 45. Qxe6 Rxe6 46.
Kg4 Re2 47. a4 Rh2 48. d4 Kd6 49. h5 Ke6 50. Rxf4 Rb2 51. Rf3 h6 52. Re3+ Kf6
53. d5 Rg2+ 54. Kf4 Rd2 55. Re6+ Kf7 56. Rxh6 1-0

[Event "12sen.WM-H Naumburg"]
[Site "Naumburg/Saale(20.10.-03.11.)"]
[Date "2002.11.01"]
[Round "10"]
[White "Mueller, Hartmut_Dieter"]
[Black "Wiebke, Elfriede"]
[Result "1-0"]
[WhiteElo "1505"]
[BlackElo "1150"]
[PlyCount "141"]
[EventDate "2002.11.??"]

1. e4 c5 2. Nf3 d6 3. d4 cxd4 4. Nxd4 Nf6 5. Nc3 e5 6. Bb5+ Bd7 7. Nf5 Bxb5 8.
Nxb5 Qa5+ 9. Nc3 Nxe4 10. Bd2 Nxc3 11. Bxc3 Qb6 12. O-O g6 13. Ne3 Qd8 14. Nd5
Nd7 15. Qf3 Rc8 16. Rad1 Bg7 17. Bb4 Rc6 18. Nc3 O-O 19. Bxd6 Re8 20. Nb5 e4
21. Qb3 Qb6 22. Bf4 Nc5 23. Be3 Nxb3 24. Bxb6 axb6 25. cxb3 Bxb2 26. Nd6 Re7
27. Nc4 Bc3 28. Ne3 h5 29. Nd5 Ree6 30. Nxc3 Rxc3 31. Rd2 e3 32. fxe3 Rcxe3 33.
Rd7 Re1 34. Rxb7 Rxf1+ 35. Kxf1 Rf6+ 36. Kg1 h4 37. Re7 Rc6 38. Re2 Kg7 39. Kf2
Rf6+ 40. Kg1 Rc6 41. Kf2 g5 42. a4 Rf6+ 43. Ke1 Rc6 44. Kd2 Rd6+ 45. Ke1 Rd3
46. Rb2 Re3+ 47. Kf2 Re6 48. Re2 Rf6+ 49. Ke1 Rd6 50. Rd2 Rc6 51. Rb2 f5 52. b4
g4 53. b5 Re6+ 54. Re2 Rd6 55. Rd2 Re6+ 56. Re2 Rd6 57. Rc2 Kg6 58. Rc6 Rf6 59.
a5 bxa5 60. Rxf6+ Kxf6 61. b6 Kg5 62. b7 a4 63. b8=Q a3 64. Qg8+ Kf4 65. Qc4+
Kg5 66. Qc1+ Kg6 67. Qxa3 Kg5 68. Qe3+ Kf6 69. Qf4 Kg6 70. h3 g3 71. Qxh4 1-0

[Event "12sen.WM-H Naumburg"]
[Site "Naumburg/Saale(20.10.-03.11.)"]
[Date "2002.11.01"]
[Round "10"]
[White "Neumann, Horst"]
[Black "Franke, Helmut"]
[Result "1-0"]
[WhiteElo "2035"]
[BlackElo "1759"]
[PlyCount "72"]
[EventDate "2002.11.??"]

1. d4 Nf6 2. Nf3 d5 3. Bg5 e6 4. Nbd2 Be7 5. e3 O-O 6. Bd3 Nbd7 7. O-O c5 8. c3
Re8 9. Rc1 h6 10. Bh4 c4 11. Bb1 Nf8 12. Ne5 Bd7 13. Qe2 b5 14. a3 a5 15. f4 b4
16. axb4 axb4 17. g4 N6h7 18. g5 g6 19. Bg3 h5 20. e4 Qc8 21. h4 bxc3 22. bxc3
Ba3 23. Rce1 Bc6 24. f5 exf5 25. exf5 Ra7 26. Qf3 Ree7 27. fxg6 fxg6 28. Nxg6
Nxg6 29. Bxg6 Qg4 30. Bxh5 Qxf3 31. Nxf3 Bb2 32. Ne5 Ba4 33. Re3 Rab7 34. Ref3
Rb8 35. Ng6 Reb7 36. Bxb8 Rxb8 1-0

[Event "12sen.WM-H Naumburg"]
[Site "Naumburg/Saale(20.10.-03.11.)"]
[Date "2002.11.01"]
[Round "10"]
[White "Nietsch, Horst"]
[Black "Bleher, Walter"]
[Result "1-0"]
[WhiteElo "2085"]
[BlackElo "1895"]
[PlyCount "117"]
[EventDate "2002.11.??"]

1. e4 c5 2. Nf3 a6 3. c4 e6 4. Nc3 Qc7 5. d4 cxd4 6. Nxd4 Nf6 7. Be3 Bb4 8. Bd3
Nc6 9. Nxc6 dxc6 10. O-O Bxc3 11. bxc3 e5 12. h3 Be6 13. Qe2 O-O 14. a4 c5 15.
a5 Rad8 16. Bg5 Qe7 17. Bc2 h6 18. Be3 Bd7 19. Rfe1 Bc6 20. f3 Bd7 21. Qf2 Rc8
22. Red1 Be6 23. Bd3 Rfd8 24. Qg3 Nh5 25. Qxe5 Qh4 26. Bf2 Qg5 27. Qxg5 hxg5
28. Bf1 Rxd1 29. Rxd1 Kf8 30. Kh2 Ke7 31. Be3 f6 32. g3 g6 33. Be2 Ng7 34. g4
Ne8 35. e5 Rc6 36. Rb1 Rc7 37. exf6+ Kxf6 38. Rd1 Rc6 39. f4 gxf4 40. Bxf4 g5
41. Bg3 Bc8 42. Bf3 Re6 43. Rd8 Re3 44. Rxc8 Rxf3 45. Rxe8 Kf7 46. Rc8 Rxc3 47.
Rxc5 Kg6 48. Rc7 Rb3 49. c5 Rb2+ 50. Kg1 Rb1+ 51. Kg2 Rc1 52. Rxb7 Rxc5 53.
Rb6+ Kf7 54. Rxa6 Rc2+ 55. Bf2 Ra2 56. Ra8 Kg7 57. a6 Kf7 58. a7 Kg7 59. Rc8
1-0

[Event "12sen.WM-H Naumburg"]
[Site "Naumburg/Saale(20.10.-03.11.)"]
[Date "2002.11.01"]
[Round "10"]
[White "Ofstad, Per"]
[Black "Ivanets, Vladimir[39Russl]"]
[Result "1-0"]
[WhiteElo "2199"]
[BlackElo "2287"]
[PlyCount "51"]
[EventDate "2002.11.??"]

1. e4 c5 2. c3 Nf6 3. e5 Nd5 4. g3 e6 5. Bg2 b5 6. Nf3 Nc6 7. O-O Be7 8. d3 O-O
9. c4 bxc4 10. dxc4 Nb6 11. b3 a5 12. Bb2 a4 13. Nbd2 Rb8 14. Bc3 Bb7 15. Ne4
Ba6 16. Qd2 Qc7 17. Rfd1 Rbd8 18. Qe3 Nb4 19. Nf6+ Kh8 20. Qe4 g6 21. Qh4 h5
22. Qg5 Kg7 23. Nxh5+ Kh7 24. Qxe7 Nc8 25. Qf6 gxh5 26. Ng5+ 1-0

[Event "12sen.WM-H Naumburg"]
[Site "Naumburg/Saale(20.10.-03.11.)"]
[Date "2002.11.01"]
[Round "10"]
[White "Packroff, Hermann"]
[Black "Didu, Kaplan"]
[Result "1/2-1/2"]
[WhiteElo "2262"]
[BlackElo "2076"]
[PlyCount "137"]
[EventDate "2002.11.??"]

1. d4 Nf6 2. Bg5 Ne4 3. Bf4 d5 4. e3 e6 5. Bd3 Bd6 6. Bxd6 Qxd6 7. c3 O-O 8.
Nf3 Nd7 9. O-O e5 10. c4 Nef6 11. Be2 exd4 12. Qxd4 c5 13. Qd1 Nb6 14. Nc3 Rd8
15. cxd5 Nbxd5 16. Qb3 Be6 17. Bc4 Nxc3 18. Qxc3 Bxc4 19. Qxc4 b6 20. Qa4 Qd7
21. Qb3 Qd5 22. Qa4 Qe4 23. Qxe4 Nxe4 24. Rfd1 f6 25. Kf1 Kf7 26. Ke2 Ke7 27.
Ne1 Nd6 28. Rac1 Rd7 29. Nd3 Rad8 30. Nf4 Nb5 31. Rxd7+ Rxd7 32. Rd1 Rxd1 33.
Kxd1 Nc7 34. Kd2 g5 35. Ne2 Kd6 36. Kd3 b5 37. Ng3 Ke5 38. Ne2 Nd5 39. a3 f5
40. Ng1 g4 41. h3 h5 42. hxg4 c4+ 43. Kd2 hxg4 44. Ne2 a6 45. Kc2 Nf6 46. f3
Nd5 47. Kd2 Nb6 48. Kc2 Nd5 49. Kd2 a5 50. f4+ Kf6 51. Nc3 Nc7 52. e4 fxe4 53.
Ke3 Kf5 54. g3 b4 55. axb4 axb4 56. Nxe4 Nb5 57. Nd2 c3 58. bxc3 Nxc3 59. Kd3
Nd5 60. Nb3 Nxf4+ 61. gxf4 Kxf4 62. Nd4 Kg3 63. Kc4 Kf4 64. Kxb4 Ke4 65. Kc3 g3
66. Ne2 g2 67. Kd2 Kf3 68. Ke1 Ke3 69. Ng1 1/2-1/2

[Event "12sen.WM-H Naumburg"]
[Site "Naumburg/Saale(20.10.-03.11.)"]
[Date "2002.11.01"]
[Round "10"]
[White "Peierl, Walter"]
[Black "Gerhardt, Peter_Michael"]
[Result "0-1"]
[WhiteElo "1800"]
[BlackElo "2124"]
[PlyCount "152"]
[EventDate "2002.11.??"]

1. e4 g6 2. d4 Bg7 3. Nf3 e6 4. Be2 Ne7 5. O-O O-O 6. h3 b6 7. Bg5 Bb7 8. Nbd2
c5 9. c3 d6 10. Rc1 Qc7 11. Bd3 e5 12. Re1 Nbc6 13. d5 Nd8 14. a4 Bc8 15. Qc2
f5 16. b4 f4 17. Bxe7 Qxe7 18. bxc5 bxc5 19. Bb5 h6 20. a5 a6 21. Bc4 Qc7 22.
Qd3 Qxa5 23. Ra1 Qc7 24. Ra3 a5 25. Rea1 Bd7 26. Bb3 Nb7 27. Nc4 Bb5 28. Ba4
Ba6 29. Bc6 Ra7 30. Bxb7 Rxb7 31. Rxa5 Bb5 32. Nfd2 Rfb8 33. Qc2 Bf8 34. Qa2
Qc8 35. Qc2 f3 36. Ne3 fxg2 37. Kxg2 Bd7 38. Rg1 Qd8 39. Ra2 Qh4 40. Rh1 Bc8
41. Nf3 Qf4 42. Nc4 Rf7 43. Qe2 Bd7 44. Ncd2 g5 45. Qe3 Qf6 46. c4 Rg7 47. Kf1
Rb4 48. Ke2 Rf7 49. Ne1 Qg6 50. Nd3 Qh5+ 51. f3 Rb8 52. Nf2 Be7 53. Ng4 Kh8 54.
Ra7 Bc8 55. Ra2 Qg6 56. Nf2 Bf8 57. Rg1 Qf6 58. Ng4 Qe7 59. Qc3 Rf4 60. Qe3 h5
61. Nf2 Bh6 62. Qa3 Rf7 63. Qe3 Qf6 64. Qa3 Bd7 65. Qd3 Rg8 66. Rg2 Kh7 67. Nf1
Rgf8 68. Nh2 Qf4 69. Qd2 Qh4 70. Ra7 g4 71. Qd3 g3 72. f4 Bxf4 73. Rxd7 Rxd7
74. Qf3 gxh2 75. Rxh2 Rdf7 76. Rg2 Bh6 0-1

[Event "12sen.WM-H Naumburg"]
[Site "Naumburg/Saale(20.10.-03.11.)"]
[Date "2002.11.01"]
[Round "10"]
[White "Piankov, Evgenij"]
[Black "Klovans, Janis"]
[Result "0-1"]
[WhiteElo "2353"]
[BlackElo "2417"]
[PlyCount "160"]
[EventDate "2002.11.??"]

1. d4 Nf6 2. c3 g6 3. Bg5 Bg7 4. Nd2 O-O 5. e4 d6 6. Ngf3 Nbd7 7. Bc4 e5 8. O-O
h6 9. Bh4 exd4 10. cxd4 g5 11. Bg3 Nh5 12. Bb3 Nxg3 13. hxg3 Nb6 14. Nc4 Nxc4
15. Bxc4 c6 16. Qd2 Qb6 17. Rad1 Bg4 18. Rfe1 Rad8 19. Re3 Rfe8 20. Bb3 Re7 21.
d5 c5 22. Rde1 c4 23. Bxc4 Qxb2 24. Qa5 Rc8 25. Rb3 Qc2 26. Bd3 Qc5 27. Qxc5
Rxc5 28. Reb1 b6 29. Ne1 Rec7 30. Kf1 Ra5 31. a3 Bd7 32. Be2 Ra4 33. Bd3 Ra5
34. Be2 f5 35. exf5 Bxf5 36. Rd1 Rc3 37. Rxc3 Bxc3 38. Bd3 Bxd3+ 39. Rxd3 Rxa3
40. Nc2 Rb3 41. Ke2 a5 42. Ne3 a4 43. Nd1 Be5 44. Rxb3 axb3 45. Kd3 b5 46. g4
Kf7 47. Ne3 Kf6 48. Nf1 b2 49. Kc2 Bd4 50. Ng3 Ke5 51. Nf5 Bxf2 52. Nxh6 Kxd5
53. Kxb2 Kc5 54. Nf7 Bd4+ 55. Kc2 Bf6 56. Nh6 Kc4 57. Nf5 Be5 58. Ne3+ Kd4 59.
Nf5+ Kc5 60. Kb3 d5 61. Nh6 d4 62. Nf7 Bd6 63. Kc2 b4 64. Kb3 d3 65. Nh6 Be7
66. Nf5 Bf8 67. Ne3 Kd4 68. Nd1 Bc5 69. Nb2 Bf8 70. Nd1 Be7 71. Kb2 Bf8 72. Kb3
Bd6 73. Kb2 Bg3 74. Kb3 Be1 75. Kb2 Bc3+ 76. Kb3 d2 77. Kc2 Ke4 78. g3 Kd4 79.
Nf2 Ke3 80. Nd1+ Ke2 0-1

[Event "12sen.WM-H Naumburg"]
[Site "Naumburg/Saale(20.10.-03.11.)"]
[Date "2002.11.01"]
[Round "10"]
[White "Polk, Maria"]
[Black "Roettger, Johann"]
[Result "1/2-1/2"]
[WhiteElo "1233"]
[BlackElo "1102"]
[PlyCount "96"]
[EventDate "2002.11.??"]

1. e4 e5 2. g3 Nf6 3. Bg2 Bc5 4. Ne2 d6 5. c3 Nc6 6. d4 exd4 7. cxd4 Bb6 8.
Nbc3 Ne7 9. Na4 Ba5+ 10. Nac3 d5 11. Qa4+ Nc6 12. O-O Bxc3 13. Nxc3 dxe4 14.
Nxe4 O-O 15. Be3 Bd7 16. Nc5 Rb8 17. b4 Nxd4 18. Nxd7 b5 19. Qd1 Qxd7 20. Bxd4
a6 21. Rc1 Rfd8 22. Bxf6 gxf6 23. Qh5 Re8 24. Bc6 Re5 25. Qh6 Qe6 26. Rfd1 Rg5
27. Bd7 Qe5 28. Qh3 Qe7 29. Re1 Qxb4 30. Qf1 Rb6 31. Rxc7 Qd6 32. Rc8+ Kg7 33.
Rd1 Qe7 34. Re8 Qc5 35. Rc1 Qd5 36. Re7 Qd6 37. Rce1 Kg6 38. Be8 Re5 39. Bxf7+
Kh6 40. Qh3+ Kg7 41. R1xe5 fxe5 42. Qh5 Qf6 43. Rxe5 Qxf7 44. Qg5+ Rg6 45. Qe3
Qxa2 46. Re7+ Kg8 47. Re8+ Kg7 48. Qe7+ Qf7 1/2-1/2

[Event "12sen.WM-H Naumburg"]
[Site "Naumburg/Saale(20.10.-03.11.)"]
[Date "2002.11.01"]
[Round "10"]
[White "Rahn, Oskar"]
[Black "Fischer, Ernst[37Weiden]"]
[Result "1/2-1/2"]
[WhiteElo "2060"]
[BlackElo "1981"]
[PlyCount "38"]
[EventDate "2002.11.??"]

1. e4 c5 2. Nf3 a6 3. d4 cxd4 4. Nxd4 Nf6 5. Bd3 Nc6 6. Nxc6 dxc6 7. O-O e5 8.
Nd2 Qc7 9. a4 Be6 10. Qe2 Be7 11. Nc4 O-O 12. a5 Bb4 13. Be3 Bxc4 14. Bxc4 Bxa5
15. Bg5 Bb6 16. Bxf6 gxf6 17. Ra3 Kh8 18. Qh5 Rg8 19. Qxf7 Qxf7 1/2-1/2

[Event "12sen.WM-H Naumburg"]
[Site "Naumburg/Saale(20.10.-03.11.)"]
[Date "2002.11.01"]
[Round "10"]
[White "Reichenbach, Werner"]
[Black "Schober, Manfred"]
[Result "1-0"]
[WhiteElo "2297"]
[BlackElo "2047"]
[PlyCount "77"]
[EventDate "2002.11.??"]

1. e4 c5 2. Nf3 a6 3. c4 d6 4. d4 cxd4 5. Nxd4 Nf6 6. Nc3 e6 7. Be2 Be7 8. O-O
O-O 9. Be3 Qc7 10. Rc1 Nbd7 11. f4 b6 12. Bf3 Bb7 13. f5 e5 14. Nd5 Qd8 15. Ne2
Nxd5 16. exd5 Bg5 17. Qd2 Bxe3+ 18. Qxe3 Rc8 19. b4 f6 20. Ng3 Qc7 21. Ne4 a5
22. a3 axb4 23. axb4 Ba6 24. Be2 Rf7 25. Rc3 Nb8 26. Rfc1 Qd8 27. h3 Ra7 28.
Ra1 Rd7 29. Kh2 Qc7 30. c5 dxc5 31. Bxa6 Nxa6 32. Rxa6 Qb7 33. Ra1 Rxd5 34.
bxc5 bxc5 35. Rac1 Rcd8 36. Rxc5 Rd3 37. Qe2 Qd7 38. Qg4 Kf8 39. Rc7 1-0

[Event "12sen.WM-H Naumburg"]
[Site "Naumburg/Saale(20.10.-03.11.)"]
[Date "2002.11.01"]
[Round "10"]
[White "Reichert, Rudolf"]
[Black "Braune, Herbert"]
[Result "1-0"]
[WhiteElo "1581"]
[BlackElo "1556"]
[PlyCount "120"]
[EventDate "2002.11.??"]

1. e4 e5 2. Nf3 Nc6 3. Bc4 Nf6 4. d3 Be7 5. a3 d6 6. h3 O-O 7. Nc3 a6 8. Bd2
Nd4 9. Ne2 c5 10. c3 Nxe2 11. Qxe2 b5 12. Bb3 Qc7 13. c4 Bb7 14. Rc1 Rab8 15.
cxb5 axb5 16. Bc2 Qb6 17. Be3 Qa5+ 18. Nd2 d5 19. O-O d4 20. Bg5 Rbc8 21. f4
exf4 22. Bxf4 Qd8 23. Bb1 Kh8 24. Bg3 Rc6 25. Nf3 c4 26. dxc4 bxc4 27. e5 d3
28. Qd2 Ne4 29. Qf4 Bc5+ 30. Kh2 Nxg3 31. Kxg3 Rg6+ 32. Kh2 Bxf3 33. Rxf3 Qg5
34. Qxg5 Rxg5 35. Rxc4 Rxe5 36. Bxd3 Bd6 37. g3 Ra5 38. Rc6 Be5 39. Rxf7 Raa8
40. Rxf8+ Rxf8 41. Rc2 g6 42. Kg2 Kg7 43. Be4 Rb8 44. b4 Kf6 45. Bc6 Ke6 46. b5
h6 47. a4 Bc7 48. Re2+ Kd6 49. h4 Bb6 50. Rd2+ Kc5 51. Be4 g5 52. hxg5 hxg5 53.
Rd5+ Kb4 54. Rxg5 Kxa4 55. Bc6 Rf8 56. Kh3 Kb4 57. Kg4 Kc4 58. Rf5 Rg8+ 59. Kf3
Rg7 60. g4 Rh7 1-0

[Event "12sen.WM-H Naumburg"]
[Site "Naumburg/Saale(20.10.-03.11.)"]
[Date "2002.11.01"]
[Round "10"]
[White "Reimann, Hubert[42Merse"]
[Black "Dombrowski, Heinz_Guenter"]
[Result "1-0"]
[WhiteElo "1941"]
[BlackElo "1727"]
[PlyCount "77"]
[EventDate "2002.11.??"]

1. d4 e6 2. Nf3 d5 3. c4 f5 4. Nc3 Nf6 5. g3 Nbd7 6. b3 Bb4 7. Bb2 Ne4 8. Qc2
c6 9. a3 Ba5 10. Bg2 O-O 11. e3 Qe8 12. O-O Ndf6 13. Ne5 Bc7 14. f3 Nxc3 15.
Bxc3 h5 16. Bb4 h4 17. Bxf8 Kxf8 18. g4 g5 19. f4 Bxe5 20. fxe5 Nxg4 21. Qe2
Ke7 22. e4 dxe4 23. Bxe4 Nh6 24. Bg2 Bd7 25. h3 Qg6 26. Qe1 Kd8 27. d5 Qe8 28.
dxc6 Bxc6 29. Qd2+ Kc7 30. Qd6+ Kc8 31. Bxc6 bxc6 32. Rfd1 Nf7 33. Qc5 Kc7 34.
Rd3 Qf8 35. Qa5+ Kc8 36. Rad1 Rb8 37. Rd7 Rb7 38. Rxb7 Nd8 39. Qc7# 1-0

[Event "12sen.WM-H Naumburg"]
[Site "Naumburg/Saale(20.10.-03.11.)"]
[Date "2002.11.01"]
[Round "10"]
[White "Rettler, Heinz"]
[Black "Zotin, Vladimir"]
[Result "0-1"]
[WhiteElo "2167"]
[BlackElo "2058"]
[PlyCount "112"]
[EventDate "2002.11.??"]

1. e4 c5 2. Nf3 d6 3. d4 cxd4 4. Nxd4 Nf6 5. Nc3 g6 6. Be3 Bg7 7. f3 Nc6 8. Qd2
O-O 9. O-O-O d5 10. Nxc6 bxc6 11. exd5 Nxd5 12. Nxd5 cxd5 13. Qxd5 Rb8 14. Qxd8
Bxb2+ 15. Kb1 Bd4+ 16. Kc1 Bxe3+ 17. Qd2 Bxd2+ 18. Kxd2 Bf5 19. Bd3 Bxd3 20.
Kxd3 Rfd8+ 21. Ke3 Rdc8 22. Kd3 Rb2 23. Rd2 Rxa2 24. Rb1 Kg7 25. Rb7 Kf6 26.
Rd7 Rc6 27. Re2 e6 28. Rd2 Rc5 29. Re2 h5 30. Rd2 Ra3+ 31. Ke2 a5 32. Ra7 g5
33. Rad7 Re5+ 34. Kf2 Ra2 35. c4 Rxd2+ 36. Rxd2 Rc5 37. Rc2 Ke5 38. Ke3 f5 39.
Kd3 Kd6 40. Rb2 a4 41. Kc3 a3 42. Rd2+ Kc7 43. Kb4 Rc6 44. Ra2 Rb6+ 45. Kc3 Ra6
46. Kb4 Kc6 47. g3 e5 48. h3 Ra7 49. g4 fxg4 50. fxg4 h4 51. Rxa3 Rxa3 52. Kxa3
Kc5 53. Kb3 Kd4 54. Kb4 e4 55. c5 e3 56. c6 e2 0-1

[Event "12sen.WM-H Naumburg"]
[Site "Naumburg/Saale(20.10.-03.11.)"]
[Date "2002.11.01"]
[Round "10"]
[White "Reznikov, Emmanouil"]
[Black "Brameyer, Hermann"]
[Result "0-1"]
[WhiteElo "2098"]
[BlackElo "2294"]
[PlyCount "118"]
[EventDate "2002.11.??"]

1. e4 c5 2. c3 d5 3. exd5 Qxd5 4. d4 Nc6 5. Nf3 Nf6 6. Na3 Bg4 7. Be2 cxd4 8.
Nb5 O-O-O 9. Nbxd4 e5 10. Nxc6 Qxc6 11. Qb3 Bc5 12. O-O Qc7 13. Bg5 e4 14. Nd4
Bxe2 15. Nxe2 Ng4 16. Bf4 Bd6 17. Bxd6 Rxd6 18. Ng3 h5 19. Rfe1 e3 20. f3 Nxh2
21. Rxe3 Rb6 22. Qa4 Rd8 23. Kxh2 h4 24. Qg4+ Kb8 25. f4 hxg3+ 26. Qxg3 Rxb2
27. f5 Qxg3+ 28. Rxg3 Rd5 29. Rxg7 Rxf5 30. Re1 Rxa2 31. Re7 a5 32. Rexf7 Rxf7
33. Rxf7 a4 34. Rf4 Kc7 35. Rb4 Kc6 36. Kg1 a3 37. c4 Rb2 38. Ra4 a2 39. Kh2
Kc5 40. Kh3 Kd4 41. g4 Kc3 42. c5 Kc2 43. g5 Rb3+ 44. Kg2 Kb2 45. g6 Ra3 46.
Rxa3 Kxa3 47. g7 a1=Q 48. g8=Q Qa2+ 49. Qxa2+ Kxa2 50. Kf2 Kb3 51. Ke3 Kc4 52.
Kd2 Kxc5 53. Kc3 b6 54. Kb3 Kb5 55. Ka3 Kc4 56. Ka4 b5+ 57. Ka3 Kc3 58. Ka2 b4
59. Kb1 Kb3 0-1

[Event "12sen.WM-H Naumburg"]
[Site "Naumburg/Saale(20.10.-03.11.)"]
[Date "2002.11.01"]
[Round "10"]
[White "Roellig, Wolfgang"]
[Black "Farin, Friedrich"]
[Result "0-1"]
[WhiteElo "1442"]
[BlackElo "1324"]
[PlyCount "134"]
[EventDate "2002.11.??"]

1. d4 Nf6 2. Nf3 g6 3. h3 Bg7 4. c3 O-O 5. Bf4 d6 6. e3 b6 7. Bd3 Bb7 8. Bc2
Nbd7 9. Nbd2 c6 10. O-O Qc7 11. Bh2 e5 12. dxe5 dxe5 13. Qb1 Rae8 14. Rd1 a5
15. Nc4 Nd5 16. Ncd2 f5 17. e4 fxe4 18. Bxe4 Nc5 19. Bc2 Qf7 20. Re1 Kh8 21.
Qd1 Nd7 22. Nc4 Re6 23. Ncd2 h6 24. Bg3 b5 25. Qb1 c5 26. a3 a4 27. Nh4 Kh7 28.
Nhf3 Ne7 29. Qd1 Nf5 30. Bxf5 gxf5 31. Qc2 e4 32. Nh2 Rfe8 33. f3 f4 34. Bf2
Qg6 35. fxe4 Nf6 36. Re2 Nxe4 37. Rae1 Nxf2 38. Qxg6+ Rxg6 39. Nhf3 Nxh3+ 40.
Kh2 Rxe2 41. Rxe2 Ng5 42. Nh4 Re6 43. Rf2 Be5 44. Kg1 Bd6 45. Ndf3 Nxf3+ 46.
Nxf3 Bxf3 47. gxf3 Rg6+ 48. Kf1 h5 49. Rd2 h4 50. Rh2 Rh6 51. Kg2 Kg6 52. Kh3
Kf5 53. Re2 c4 54. Re1 Bc5 55. Rd1 Rd6 56. Rxd6 Bxd6 57. Kxh4 Bc5 58. Kh3 Be3
59. Kg2 Bc1 60. Kf2 Bxb2 61. Ke2 Bxc3 62. Kd1 Bb2 63. Kc2 Bxa3 64. Kb1 b4 65.
Kc2 b3+ 66. Kb1 Bc5 67. Kb2 a3+ 0-1